HIGH SCHOOL ENGLISH GRAMMAR (Record no. 44006)
[ view plain ]
| 000 -LEADER | |
|---|---|
| fixed length control field | nam a22 7a 4500 |
| 003 - CONTROL NUMBER IDENTIFIER | |
| control field | OSt |
| 005 - DATE AND TIME OF LATEST TRANSACTION | |
| control field | 20180427103025.0 |
| 008 - FIXED-LENGTH DATA ELEMENTS--GENERAL INFORMATION | |
| fixed length control field | 180427b xxu||||| |||| 00| 0 eng d |
| 040 ## - CATALOGING SOURCE | |
| Transcribing agency | IIMT UNIVERSITY MEERUT |
| 082 ## - DEWEY DECIMAL CLASSIFICATION NUMBER | |
| Edition number | 4TH ED. |
| Classification number | 403.033 |
| Item number | 11 |
| 100 ## - MAIN ENTRY--PERSONAL NAME | |
| Personal name | WREN,P C MARTIN |
| 245 ## - TITLE STATEMENT | |
| Title | HIGH SCHOOL ENGLISH GRAMMAR |
| Statement of responsibility, etc. | AUTHOR |
| 250 ## - EDITION STATEMENT | |
| Edition statement | 44TH |
| 260 ## - PUBLICATION, DISTRIBUTION, ETC. | |
| Place of publication, distribution, etc. | S CHAND |
| Name of publisher, distributor, etc. | S CHAND |
| Date of publication, distribution, etc. | 2008 |
| 300 ## - PHYSICAL DESCRIPTION | |
| Extent | 44TH ED |
| Other physical details | 418 PP |
| 700 ## - ADDED ENTRY--PERSONAL NAME | |
| Personal name | WREN,PC MARTIN |
| 856 ## - ELECTRONIC LOCATION AND ACCESS | |
| Materials specified | PAPERBACK |
| Public note | ENGLISH |
| 942 ## - ADDED ENTRY ELEMENTS (KOHA) | |
| Source of classification or shelving scheme | |
| Koha item type | Text-Book- for 7 days |
| Edition | 44TH |
| Classification part | TITLE |
| Item part | BOOK |
| Call number prefix | 403.033WRE |
| Call number suffix | 403.033WRE |
| Withdrawn status | Lost status | Source of classification or shelving scheme | Damaged status | Not for loan | Home library | Current library | Date acquired | Source of acquisition | Cost, normal purchase price | Total Checkouts | Full call number | Barcode | Date last seen | Price effective from | Koha item type | Public note |
|---|---|---|---|---|---|---|---|---|---|---|---|---|---|---|---|---|
| IIMT College of Architecture | IIMT College of Architecture | 04/27/2018 | 127 TRANSFER | 215.00 | 403.033 11 | 24-B-11 | 04/27/2018 | 04/27/2018 | Text-Book- for 7 days | GRAMMAR | ||||||
| IIMT College of Architecture | IIMT College of Architecture | 04/27/2018 | 127 TRANSFER | 215.00 | 403.033 11 | 24-B-12 | 04/27/2018 | 04/27/2018 | Text-Book- for 7 days | GRAMMAR | ||||||
| IIMT College of Architecture | IIMT College of Architecture | 04/27/2018 | 127 TRANSFER | 215.00 | 403.033 11 | 24-B-13 | 04/27/2018 | 04/27/2018 | Text-Book- for 7 days | GRAMMAR | ||||||
| IIMT College of Architecture | IIMT College of Architecture | 04/27/2018 | 127 TRANSFER | 215.00 | 403.033 11 | 24-B-14 | 04/27/2018 | 04/27/2018 | Text-Book- for 7 days | GRAMMAR | ||||||
| IIMT College of Architecture | IIMT College of Architecture | 04/27/2018 | 127 TRANSFER | 215.00 | 403.033 11 | 24-B-15 | 04/27/2018 | 04/27/2018 | Text-Book- for 7 days | GRAMMAR | ||||||
| IIMT College of Architecture | IIMT College of Architecture | 04/27/2018 | 127 TRANSFER | 215.00 | 403.033 11 | 24-B-16 | 04/27/2018 | 04/27/2018 | Text-Book- for 7 days | GRAMMAR | ||||||
| IIMT College of Architecture | IIMT College of Architecture | 04/27/2018 | 127 TRANSFER | 215.00 | 403.033 11 | 24-B-17 | 04/27/2018 | 04/27/2018 | Text-Book- for 7 days | GRAMMAR | ||||||
| IIMT College of Architecture | IIMT College of Architecture | 04/27/2018 | 127 TRANSFER | 215.00 | 403.033 11 | 24-B-18 | 04/27/2018 | 04/27/2018 | Text-Book- for 7 days | GRAMMAR | ||||||
| IIMT College of Architecture | IIMT College of Architecture | 04/27/2018 | 127 TRANSFER | 215.00 | 403.033 11 | 24-B-19 | 04/27/2018 | 04/27/2018 | Text-Book- for 7 days | GRAMMAR | ||||||
| IIMT College of Architecture | IIMT College of Architecture | 04/27/2018 | 127 TRANSFER | 215.00 | 403.033 11 | 24-B-20 | 04/27/2018 | 04/27/2018 | Text-Book- for 7 days | GRAMMAR | ||||||
| IIMT College of Architecture | IIMT College of Architecture | 04/27/2018 | 127 TRANSFER | 215.00 | 403.033 11 | 24-B-21 | 04/27/2018 | 04/27/2018 | Text-Book- for 7 days | GRAMMAR | ||||||
| IIMT College of Architecture | IIMT College of Architecture | 04/27/2018 | 127 TRANSFER | 215.00 | 403.033 11 | 24-B-22 | 04/27/2018 | 04/27/2018 | Text-Book- for 7 days | GRAMMAR |

